| 000 | 01132nam0a22003011 4500 | ||
|---|---|---|---|
| 001 | rc\2327508 | ||
| 005 | 20260406212540.0 | ||
| 035 | _a(NLR Aleph) 006581375 | ||
| 090 |
_a7049248 _c7049248 |
||
| 100 | _a20110829d1977 |||y0rusy50 ca | ||
| 101 | 0 | _arus | |
| 102 | _aRU | ||
| 105 | _ay z ||||| | ||
| 200 | 1 |
_aОСВОД: задачи, структура, основные направления работы _eМетод. рекомендации _f... Центр. совет |
|
| 210 |
_aМосква _cМоск. рабочий _d1977 |
||
| 215 |
_a45 с. _d21 |
||
| 300 | _aНа обороте тит. л.: подгот. Г.К. Васильев, С.В. Коробков, В.А. Пархоменко, Р.Ф. Тумановский | ||
| 701 | 1 |
_aКоробков _bС.В. |
|
| 701 | 1 |
_aТумановский _bР.Ф. |
|
| 701 | 1 |
_aПархоменко _bВ.А. |
|
| 701 | 1 |
_aВасильев _bГ.К. |
|
| 710 | 0 | 2 |
_aОСВОД РСФСР _9436185 _3RU\NLR\AUTH\889969963 |
| 801 | 0 |
_aRU _bNLR _gpsbo |
|
| 801 | 1 |
_aRU _bELAR _2rusmarc |
|
| 852 |
_aNLR _j77-4/24937 |
||
| 899 |
_aRuMoRGB _jМ 77-12/720 |
||
| 942 | _cBOOK | ||
| 980 | _aNB | ||